In welchem Monat fand das Ereignis statt? - Statistiken

Allgemein
  • Dieses Quiz wurde 291 mal gespielt
  • Das Durchschnittsergebnis liegt bei 5 aus 12
Antwortstatistiken
Hint Antwort % Korrekt
Terroranschläge auf das World Trade Center (2001) (09) September
88%
Wiedervereinigung Deutschlands (1990) (10) Oktober
72%
Ermordung von Julius Cäsar (44 v. Chr.) (03) März
49%
Untergang der Titanic (1912) (04) April
38%
Deutsches Grundgesetz tritt in Kraft (1949) (05) Mai
38%
Alliierte Landung in der Normandie (1944) (06) Juni
34%
Sturm auf die Bastille (1789) (07) Juli
33%
Finnland, Österreich und Schweden werden EU-Mitglieder (1995) (01) Januar
31%
Totale Sonnenfinsternis über Mitteleuropa (1999) (08) August
31%
Attentat auf John F. Kennedy (1963) (11) November
24%
Deutschland wird Handball-Weltmeister (2007) (02) Februar
22%
Kaiserkrönung Karls des Großen (800) (12) Dezember
20%
Keine übereinstimmenden Quizze gefunden
Verteilung der Resultate
Anzahl Personen mit jedem Resultat
Perzentil nach korrekt beantworteten Fragen
Ihre Resultats-Entwicklung
Sie haben dieses Quiz noch nicht gespielt